| Virtuální polytechnická knihovna - Souborný katalog - Úplný záznam dokumentu - MARC |
Uživatel: --- |
-----nas 22-----zu 4500
001 SKVPK0031874
003 CZ-VPK
005 20260422142901.0
008 260422d19631982||||| | ||| || |||||||
022 $a0473-8039
040 $aABA013$bcze
222 0$aOel : Zeitschrift für die Mineraloelwirtschaft
245 00$aOel : Zeitschrift für die Mineraloelwirtschaft
260 $aNěmecko :$bHamburg : Oel-Verlag,$c1963-1982
650 07$achemie$xch$2psh
785 00$tErdöl-Informationsdienst$x0343-6705
910 $aABA013$r1963-1982
| čtvrtek 14.05.2026 00:04:06 |
© 2001-2015 Národní technická knihovna |
[Virtuální polytechnická knihovna]
[Servisní centrum]
[Souborný katalog]